[Event "Belt and Road Hunan Op A"]
[Site "Changsha CHN"]
[Date "2019.08.01"]
[Round "4.9"]
[White "Zhao, Jun"]
[Black "Tan, Zhongyi"]
[Result "1-0"]
[WhiteTitle "GM"]
[BlackTitle "GM"]
[WhiteElo "2636"]
[BlackElo "2511"]
[WhiteFideId "8602522"]
[BlackFideId "8603642"]
[EventDate "2019.07.29"]

1. d4 Nf6 2. c4 e6 3. Nc3 Bb4 4. e3 O-O 5. Ne2 c6 6. a3 Ba5 7. b4 Bc7 8. e4 d5
9. e5 Ne8 10. Ng3 Nd7 11. Bd3 dxc4 12. Bxc4 a5 13. Rb1 axb4 14. axb4 Nb6 15. Bd3
f5 16. Nge2 Nd5 17. Nxd5 cxd5 18. h4 Bd7 19. Nf4 Bb6 20. Be3 g6 21. g3 Rf7 22.
Kf1 Ng7 23. Kg2 Be8 24. Qd2 Rc7 25. Be2 Qc8 26. Rbc1 Rxc1 27. Rxc1 Qd7 28. Nh3
Qa4 29. Bd1 Qa7 30. Bg5 Qa2 31. Rc2 Qb1 32. Bf6 f4 33. Nxf4 Ra1 34. Bxg7 Qxd1
35. Qxd1 Rxd1 36. Rc8 Kf7 37. Bf6 Rxd4 38. Rb8 Bc6 39. b5 Ba7 40. Rh8 Bd7 41.
Rxh7+ Ke8 42. Rh8+ Kf7 43. Nh3 1-0

[Event "Belt and Road Hunan Op A"]
[Site "Changsha CHN"]
[Date "2019.08.01"]
[Round "4.10"]
[White "Liu, Yan"]
[Black "Sethuraman, S.P."]
[Result "0-1"]
[WhiteTitle "GM"]
[BlackTitle "GM"]
[WhiteElo "2516"]
[BlackElo "2630"]
[WhiteFideId "8608962"]
[BlackFideId "5021596"]
[EventDate "2019.07.29"]

1. d4 Nf6 2. Nf3 d5 3. c4 e6 4. g3 Be7 5. Bg2 O-O 6. O-O dxc4 7. Qc2 b5 8. a4 b4
9. Nfd2 Nd5 10. Nxc4 c5 11. dxc5 Ba6 12. Ne3 Nd7 13. Nxd5 exd5 14. Bxd5 Rc8 15.
c6 Ne5 16. Rd1 Nxc6 17. Qe4 Bf6 18. e3 Ne7 19. Bxf7+ Kxf7 20. Rxd8 Rxc1+ 21. Kg2
Rxd8 22. Qxb4 Bf1+ 23. Kf3 Nc6 24. Qb3+ Rc4 25. g4 Ne5+ 26. Kg3 Rb8 0-1

[Event "Belt and Road Hunan Op A"]
[Site "Changsha CHN"]
[Date "2019.08.01"]
[Round "4.11"]
[White "Deac, Bogdan-Daniel"]
[Black "Bilguun, Sumiya"]
[Result "1-0"]
[WhiteTitle "GM"]
[BlackTitle "IM"]
[WhiteElo "2621"]
[BlackElo "2482"]
[WhiteFideId "1226380"]
[BlackFideId "4901541"]
[EventDate "2019.07.29"]

1. d4 d5 2. c4 e6 3. Nf3 Nf6 4. g3 dxc4 5. Bg2 Bb4+ 6. Bd2 a5 7. a3 Bxd2+ 8.
Nbxd2 b5 9. b3 cxb3 10. Qxb3 c6 11. O-O O-O 12. Rfc1 Bb7 13. Qb2 Nbd7 14. Ne1 e5
15. Bxc6 Bxc6 16. Rxc6 exd4 17. Ndf3 Rb8 18. Nd3 Re8 19. Nxd4 Ne5 20. Nxe5 Rxe5
21. Rc2 Qd7 22. Nc6 Rh5 23. f3 Re8 24. e4 Rg5 25. Rac1 h6 26. Rd2 Qh3 27. Rg2
Nh5 28. Nd4 Qd7 29. Nf5 Kh7 30. Rd2 Qa7+ 31. Kh1 Qb8 32. Qb3 Rxf5 33. exf5 Nxg3+
34. hxg3 Qxg3 35. Qd3 Qf4 36. Rf1 b4 37. axb4 axb4 38. f6+ g6 39. Qd4 Qg5 40.
Rh2 b3 41. Qd7 Rf8 42. Qd2 1-0

[Event "Belt and Road Hunan Op A"]
[Site "Changsha CHN"]
[Date "2019.08.01"]
[Round "4.12"]
[White "Narayanan, S.L."]
[Black "Yu, Ruiyuan"]
[Result "1/2-1/2"]
[WhiteTitle "GM"]
[BlackTitle "GM"]
[WhiteElo "2616"]
[BlackElo "2464"]
[WhiteFideId "5058422"]
[BlackFideId "8603090"]
[EventDate "2019.07.29"]

1. d4 d5 2. c4 c6 3. Nc3 Nf6 4. e3 g6 5. Nf3 Bg7 6. Be2 O-O 7. O-O Bg4 8. cxd5
cxd5 9. Qb3 b6 10. Bd2 Ne4 11. Be1 Nxc3 12. Bxc3 Nc6 13. Rfc1 Qd6 14. h3 Bc8 15.
a4 Rb8 16. Ne1 Bb7 17. Bb5 Rfc8 18. Qa2 a5 19. Qb3 e6 20. Be2 Qd8 21. Qd1 Rc7
22. Nd3 Bf8 23. Rab1 Rbc8 24. Bd2 Ba6 25. Nf4 Bxe2 26. Qxe2 Nb4 27. Rxc7 1/2-1/2

[Event "Belt and Road Hunan Op A"]
[Site "Changsha CHN"]
[Date "2019.08.01"]
[Round "4.13"]
[White "Chu, Wei Chao"]
[Black "Zhou, Jianchao"]
[Result "0-1"]
[WhiteTitle "IM"]
[BlackTitle "GM"]
[WhiteElo "2406"]
[BlackElo "2608"]
[WhiteFideId "8605661"]
[BlackFideId "8603537"]
[EventDate "2019.07.29"]

1. d4 Nf6 2. c4 e6 3. Nf3 a6 4. Bg5 h6 5. Bh4 d6 6. Nc3 g5 7. Bg3 Nh5 8. e3 Bg7
9. Bd3 Nxg3 10. hxg3 c5 11. g4 cxd4 12. Nxd4 Nc6 13. Nb3 O-O 14. Rc1 Qe7 15. Qd2
Rd8 16. Be2 d5 17. cxd5 exd5 18. Bf3 Be6 19. Qe2 d4 20. exd4 Qb4 21. O-O Bc4 22.
Qc2 Bxf1 23. Rxf1 Nxd4 24. Nxd4 Bxd4 25. Nd5 Qc5 26. Qf5 Kg7 27. Be4 Rh8 28. b4
Qd6 29. Rd1 Ba7 30. Rc1 Rae8 31. Rc7 Qe6 32. Rxb7 Qxf5 33. gxf5 Bxf2+ 34. Kxf2
Rxe4 35. Rb6 Rd8 36. f6+ Kg6 37. Ne7+ Kh5 38. Kf3 Rf4+ 39. Ke3 Kg4 40. a4 Rdd4
41. Nc6 Rfe4+ 42. Kf2 Rd2+ 43. Kf1 Kg3 0-1

[Event "Belt and Road Hunan Op A"]
[Site "Changsha CHN"]
[Date "2019.08.01"]
[Round "4.14"]
[White "Zhao, Zong-Yuan"]
[Black "Le, Quang Liem"]
[Result "1/2-1/2"]
[WhiteTitle "GM"]
[BlackTitle "GM"]
[WhiteElo "2529"]
[BlackElo "2713"]
[WhiteFideId "3202534"]
[BlackFideId "12401137"]
[EventDate "2019.07.29"]

1. e4 c6 2. d4 d5 3. e5 Bf5 4. h4 h5 5. Bd3 Bxd3 6. Qxd3 Qa5+ 7. Nd2 e6 8. Nf3
Nh6 9. O-O Nf5 10. c4 Be7 11. g3 O-O 12. b3 Rd8 13. Bb2 c5 14. Qe2 Nc6 15. dxc5
Bxc5 16. Kg2 Bd4 17. Rfb1 Bxb2 18. Rxb2 Rac8 19. Ng5 Qc3 20. Ndf3 dxc4 21. Ne4
Qd3 22. bxc4 b6 23. Rc1 Qxe2 24. Rxe2 Rd3 25. Neg5 Kf8 26. Rb2 Nfd4 27. Nxd4
Nxd4 28. c5 Ra3 29. Rd1 bxc5 30. Rb7 Kg8 31. Rxf7 Rxa2 32. Rb1 Rf8 1/2-1/2

[Event "Belt and Road Hunan Op A"]
[Site "Changsha CHN"]
[Date "2019.08.01"]
[Round "4.15"]
[White "Naiditsch, Arkadij"]
[Black "Xu, Zhihang"]
[Result "1-0"]
[WhiteTitle "GM"]
[BlackTitle "IM"]
[WhiteElo "2681"]
[BlackElo "2501"]
[WhiteFideId "4650891"]
[BlackFideId "8611572"]
[EventDate "2019.07.29"]

1. e4 c5 2. Nf3 Nc6 3. Bb5 g6 4. O-O Bg7 5. c3 Nf6 6. Re1 O-O 7. h3 a6 8. Bxc6
bxc6 9. Qa4 Qc7 10. d4 cxd4 11. cxd4 d5 12. e5 Ne4 13. Be3 c5 14. dxc5 Nxc5 15.
Qa3 Ne6 16. Nc3 Bb7 17. Rac1 Qd7 18. Rcd1 Rad8 19. Bb6 Rc8 20. Qa5 Nf4 21. Be3
Nxh3+ 22. Kh2 Qf5 23. Ne2 Bxe5+ 24. Nxe5 Qxe5+ 25. Ng3 Ng5 26. f4 Nf3+ 27. gxf3
Rc2+ 28. Rd2 Qxb2 29. Rxc2 Qxc2+ 30. Re2 Qc4 31. Qb6 Ba8 32. Bd4 Qc1 33. f5 Qf4
34. Kg2 h5 35. Be3 Qc4 36. Bd4 Bc6 37. Rxe7 h4 38. Ne2 Qc2 39. Qc7 Qxf5 40. Kf2
Bb5 41. Qf4 Qxf4 42. Nxf4 g5 43. Nxd5 Rd8 44. Re5 f6 45. Nxf6+ Kf7 46. Bc3 Rd3
47. Ne4 Bc6 48. Nxg5+ Kg6 49. Re6+ 1-0

[Event "Belt and Road Hunan Op A"]
[Site "Changsha CHN"]
[Date "2019.08.01"]
[Round "4.17"]
[White "Peng, Xiongjian"]
[Black "Lu, Shanglei"]
[Result "1/2-1/2"]
[BlackTitle "GM"]
[WhiteElo "2467"]
[BlackElo "2619"]
[WhiteFideId "8610550"]
[BlackFideId "8603332"]
[EventDate "2019.07.29"]

1. d4 Nf6 2. c4 e6 3. g3 c5 4. d5 exd5 5. cxd5 d6 6. Nc3 g6 7. Bg2 Bg7 8. Nf3
O-O 9. O-O Re8 10. Nd2 Nbd7 11. h3 a6 12. a4 b6 13. Nc4 Qc7 14. Bf4 Bf8 15. e4
Rb8 16. Na3 Nh5 17. Be3 Ng7 18. Re1 f5 19. Bh6 Ne5 20. Rc1 Bd7 21. Bf1 Bc8 22.
b3 Qf7 23. f4 Nd7 24. Kh2 Bb7 25. Bg2 fxe4 26. Nxe4 Nf5 27. Bxf8 Qxf8 28. Qd3
Nd4 29. Nc2 Nxc2 30. Rxc2 Nf6 31. Rce2 Nxe4 32. Bxe4 Re7 33. f5 Rbe8 34. fxg6
hxg6 35. Bf3 Rxe2+ 36. Rxe2 Rxe2+ 1/2-1/2

[Event "Belt and Road Hunan Op A"]
[Site "Changsha CHN"]
[Date "2019.08.01"]
[Round "4.18"]
[White "Batsiashvili, Nino"]
[Black "Oleksiyenko, Mykhaylo"]
[Result "1/2-1/2"]
[WhiteTitle "GM"]
[BlackTitle "GM"]
[WhiteElo "2433"]
[BlackElo "2600"]
[WhiteFideId "13602993"]
[BlackFideId "4152417"]
[EventDate "2019.07.29"]

1. d4 Nf6 2. c4 e6 3. Nf3 d5 4. Nc3 Be7 5. Bf4 O-O 6. e3 b6 7. cxd5 Nxd5 8. Nxd5
exd5 9. Bd3 c5 10. b3 Nc6 11. O-O Nb4 12. Be2 Bb7 13. Ne5 Rc8 14. dxc5 bxc5 15.
a3 Nc6 16. Bg4 f5 17. Bf3 Nxe5 18. Bxe5 Qd7 19. Ra2 Qe6 20. Qa1 Rf7 21. Rd2 Bg5
22. Rd3 Re7 23. Bc3 c4 24. bxc4 dxc4 25. Bxb7 Rxb7 26. Rd2 f4 27. exf4 Bxf4 28.
Rdd1 Rb5 29. Rfe1 Qf7 30. g3 Bc7 31. Bd4 Ba5 32. Re3 Rf8 33. Re4 c3 34. Rg4 g5
35. a4 Rd5 36. Be3 h6 37. Rxd5 Qxd5 38. Qb1 Qe6 39. Rc4 Qxc4 1/2-1/2

[Event "Belt and Road Hunan Op A"]
[Site "Changsha CHN"]
[Date "2019.08.01"]
[Round "4.20"]
[White "Wen, Yang"]
[Black "Khademalsharieh, Sarasadat"]
[Result "1/2-1/2"]
[WhiteTitle "GM"]
[BlackTitle "IM"]
[WhiteElo "2586"]
[BlackElo "2481"]
[WhiteFideId "8602956"]
[BlackFideId "12512214"]
[EventDate "2019.07.29"]

1. e4 e5 2. Nf3 Nc6 3. Bc4 Bc5 4. c3 Nf6 5. d4 exd4 6. e5 d5 7. Bb5 Ne4 8. cxd4
Bb6 9. Nc3 O-O 10. Be3 Bg4 11. h3 Bh5 12. Qc2 Bg6 13. Qb3 Ne7 14. O-O c6 15. Bd3
Nxc3 16. Qxc3 Bxd3 17. Qxd3 Qd7 18. Nh4 f6 19. f4 fxe5 20. fxe5 Qe6 21. b4 a6
22. a4 Rf7 23. a5 Ba7 24. Rxf7 Qxf7 25. g4 Rf8 26. Ra2 Qe6 27. Rf2 Rxf2 28. Kxf2
Bb8 29. Nf5 Bc7 30. h4 Nxf5 31. Qxf5 Qe8 32. h5 g6 33. hxg6 hxg6 34. Qg5 Bd8 35.
Qh6 Qf8+ 36. Qxf8+ 1/2-1/2

[Event "Belt and Road Hunan Op A"]
[Site "Changsha CHN"]
[Date "2019.08.01"]
[Round "4.21"]
[White "Gusain, Himal"]
[Black "Xu, Xiangyu"]
[Result "1/2-1/2"]
[WhiteTitle "IM"]
[BlackTitle "GM"]
[WhiteElo "2407"]
[BlackElo "2585"]
[WhiteFideId "5033861"]
[BlackFideId "8608288"]
[EventDate "2019.07.29"]

1. e4 c6 2. d4 d5 3. e5 c5 4. dxc5 e6 5. a3 Bxc5 6. b4 Bb6 7. Nf3 Ne7 8. Bd3
Nbc6 9. Bb2 Ng6 10. O-O O-O 11. Re1 f6 12. exf6 gxf6 13. c4 dxc4 14. Bxc4 Qxd1
15. Rxd1 Kg7 16. Nc3 Rd8 17. Na4 Bd7 18. Nxb6 axb6 19. Ng5 Nf8 20. f4 e5 21. Nf7
Re8 22. fxe5 Nxe5 23. Nxe5 fxe5 24. Rd5 Rac8 25. Rxe5 Rxe5 26. Bxe5+ Kh6 27. Bd5
Bc6 28. Rc1 Ng6 29. Bd4 b5 30. Rc3 Rd8 31. Be3+ Kg7 32. Bxc6 bxc6 33. Rxc6 Ne5
34. Rc7+ Kg6 35. h3 Nc4 36. Bc5 Nxa3 37. Rb7 Rd3 38. Kf2 h5 39. Rb8 Kg7 40. Rb6
Kh7 41. Kg1 Kg7 42. Kh2 Kh7 43. Bf8 Kg8 44. Bh6 Rd5 45. Kg3 Nc2 46. Rb8+ Kf7 47.
Kh4 Nxb4 48. g4 hxg4 1/2-1/2

[Event "Belt and Road Hunan Op A"]
[Site "Changsha CHN"]
[Date "2019.08.01"]
[Round "4.22"]
[White "Xu, Yinglun"]
[Black "Li, Yankai"]
[Result "1-0"]
[WhiteTitle "GM"]
[WhiteElo "2562"]
[BlackElo "2439"]
[WhiteFideId "8604940"]
[BlackFideId "8609357"]
[EventDate "2019.07.29"]

1. d4 Nf6 2. c4 e6 3. Nf3 d5 4. Nc3 Be7 5. Bg5 h6 6. Bxf6 Bxf6 7. e3 O-O 8. Rc1
c6 9. Bd3 Nd7 10. O-O dxc4 11. Bxc4 e5 12. d5 Nb6 13. b3 Bf5 14. dxc6 bxc6 15.
Ba6 Qe7 16. Qe2 Rfd8 17. e4 Be6 18. Rc2 Rd6 19. h3 Rad8 20. Nd1 g6 21. Ne3 Bg7
22. Rfc1 Qd7 23. Rc5 f6 24. Qc2 h5 25. Rxc6 Rxc6 26. Qxc6 Bh6 27. Qc3 Bf4 28. a4
Qf7 29. a5 Nd7 30. Rd1 Bxe3 31. Qxe3 Bxb3 32. Rd6 Bc4 33. Nxe5 Bf1 1-0

[Event "Belt and Road Hunan Op A"]
[Site "Changsha CHN"]
[Date "2019.08.01"]
[Round "4.24"]
[White "Najer, Evgeniy"]
[Black "Xie, Jianjun"]
[Result "1-0"]
[WhiteTitle "GM"]
[BlackTitle "FM"]
[WhiteElo "2678"]
[BlackElo "2417"]
[WhiteFideId "4118987"]
[BlackFideId "8600953"]
[EventDate "2019.07.29"]

1. d4 f5 2. Bf4 Nf6 3. e3 e6 4. Be2 Be7 5. c4 O-O 6. Nc3 d6 7. Nh3 Qe8 8. Bg3
Bd8 9. f4 c6 10. O-O Nbd7 11. Kh1 d5 12. Bh4 Nb6 13. c5 Nbd7 14. Nf2 Bc7 15. b4
Ne4 16. Nfxe4 fxe4 17. b5 Nf6 18. bxc6 bxc6 19. Rb1 Kh8 20. Qa4 a5 21. Qc2 Ng8
22. Na4 Nh6 23. Nb6 Ra7 24. Nxc8 Qxc8 25. g4 Ng8 26. Qa4 Qa8 27. Rb2 Rb7 28.
Rfb1 Rxb2 29. Rxb2 Rb8 30. Rb3 Rxb3 31. axb3 Qb7 32. Kg2 g6 33. Be1 Kg7 34. Bxa5
Bxa5 35. Qxa5 Qxb3 36. Qc7+ Kf8 37. Kf2 Ne7 38. Qe5 Kf7 39. Qh8 Qb1 40. Qxh7+
Ke8 41. Qh3 Kd7 42. Qf1 Qb2 43. Qd1 Ke8 44. Ke1 Kf7 45. Qd2 Qa3 46. Kf2 Qa1 47.
Bd1 Qb1 48. h3 Qa1 49. Qc2 Qa3 50. Qb1 Qc3 51. Be2 Qa3 52. h4 Qc3 53. Qh1 Kg7
54. h5 gxh5 55. Qxh5 Qc1 56. f5 exf5 57. gxf5 Qd2 58. Qg5+ Kf7 59. Qf4 Qa2 60.
Qe5 Kf8 61. Qd6 Kf7 62. Qe6+ Kf8 63. f6 Ng6 64. Qd7 1-0

[Event "Belt and Road Hunan Op A"]
[Site "Changsha CHN"]
[Date "2019.08.01"]
[Round "4.25"]
[White "Adhiban, Baskaran"]
[Black "Xiang, Zeyu"]
[Result "0-1"]
[WhiteTitle "GM"]
[BlackTitle "IM"]
[WhiteElo "2665"]
[BlackElo "2447"]
[WhiteFideId "5018471"]
[BlackFideId "8608547"]
[EventDate "2019.07.29"]

1. d4 d5 2. c4 e6 3. Nc3 Nf6 4. cxd5 Nxd5 5. e4 Nxc3 6. bxc3 c5 7. Rb1 cxd4 8.
cxd4 Nc6 9. Bb5 a6 10. Bxc6+ bxc6 11. Nf3 c5 12. Bg5 f6 13. Be3 cxd4 14. Nxd4 e5
15. Nf5 Qxd1+ 16. Rxd1 Be6 17. O-O Bxa2 18. Ra1 Be6 19. Rfb1 a5 20. Rb7 g6 21.
Rb6 Bxf5 22. exf5 Be7 23. g4 gxf5 24. gxf5 Rg8+ 25. Kf1 a4 26. Rb7 Rg4 27. h3
Rc4 28. Ke2 a3 29. Rg1 a2 30. Bh6 Bf8 31. Bxf8 a1=Q 32. Rxa1 Rxa1 33. Bh6 Ra6
34. Be3 Rh4 35. Kf3 Rxh3+ 36. Ke4 Rd6 37. Rb8+ Kd7 38. Rb7+ Kc6 39. Rf7 Rh4+ 40.
f4 exf4 41. Bxf4 Kc5 42. Rc7+ Rc6 43. Rb7 Ra6 44. Kf3 Ra3+ 45. Be3+ Kc6 46. Rb6+
Kc7 47. Re6 Rh3+ 48. Ke2 Raxe3+ 49. Rxe3 Rxe3+ 50. Kxe3 Kd6 51. Kd4 h6 0-1

[Event "Belt and Road Hunan Op A"]
[Site "Changsha CHN"]
[Date "2019.08.01"]
[Round "4.33"]
[White "Liu, Guanchu"]
[Black "Radovanovic, Mihajlo"]
[Result "1/2-1/2"]
[WhiteTitle "IM"]
[BlackTitle "IM"]
[WhiteElo "2449"]
[BlackElo "2500"]
[WhiteFideId "8603901"]
[BlackFideId "940313"]
[EventDate "2019.07.29"]

1. e4 c5 2. Nc3 Nc6 3. Nf3 g6 4. d4 cxd4 5. Nxd4 Bg7 6. Be3 Nf6 7. Bc4 O-O 8.
Bb3 Re8 9. O-O d6 10. h3 Na5 11. Qd3 Nxb3 12. axb3 a6 13. Nd5 Bd7 14. Bg5 Nxd5
15. exd5 Qc7 16. c4 b5 17. Rfe1 Qb6 18. Be3 Qb7 19. Re2 Rac8 20. Bg5 e5 21. dxe6
fxe6 22. Rae1 d5 23. Nxe6 Bxe6 24. Rxe6 Rxe6 25. Rxe6 bxc4 26. bxc4 dxc4 27. Qe2
Qb5 28. Bf6 c3 29. Bxc3 Qxe2 30. Rxe2 Bxc3 31. Rc2 Kf7 32. bxc3 Ke6 33. Ra2 Rxc3
34. Rxa6+ Kf5 35. g4+ Kf4 36. Kg2 Rc4 37. Ra7 h6 38. Rf7+ Ke5 39. Rh7 h5 40.
gxh5 gxh5 41. Rxh5+ Kf6 42. Kg3 Kg6 43. Rb5 Ra4 44. Rb6+ Kf5 45. Rb5+ Kg6 46. h4
Ra3+ 47. Kg4 Ra4+ 48. f4 Ra6 49. Rg5+ Kf6 50. h5 Ra1 51. Rg6+ Kf7 52. Rd6 Ra5
53. Rb6 Rc5 54. Rb8 Kg7 55. Rb4 Kf6 56. Rb6+ Kf7 57. Rg6 Ra5 58. Rg5 Ra1 59. h6
Rg1+ 60. Kf5 Rh1 61. Rg7+ Kf8 62. Rg6 Rh5+ 63. Ke6 Rh1 64. Rf6+ Kg8 65. f5 Ra1
66. Rg6+ Kh7 67. Kf6 Ra2 68. Rg4 Ra6+ 69. Kg5 Rxh6 70. Rd4 Ra6 1/2-1/2

[Event "Belt and Road Hunan Op A"]
[Site "Changsha CHN"]
[Date "2019.08.02"]
[Round "5.5"]
[White "Vallejo Pons, Francisco"]
[Black "Zhao, Jun"]
[Result "1/2-1/2"]
[WhiteTitle "GM"]
[BlackTitle "GM"]
[WhiteElo "2687"]
[BlackElo "2636"]
[WhiteFideId "2205530"]
[BlackFideId "8602522"]
[EventDate "2019.07.29"]

1. d4 d5 2. c4 c6 3. Nf3 Nf6 4. e3 g6 5. Nc3 Bg7 6. Be2 O-O 7. O-O b6 8. b4 Bb7
9. a4 Nbd7 10. a5 dxc4 11. a6 Bc8 12. b5 Nd5 13. Bd2 Nxc3 14. Bxc3 cxb5 15. Qb1
Nc5 16. Qxb5 Ne4 17. Bb4 Nd6 18. Bxd6 Qxd6 19. Bxc4 Bd7 20. Qd5 Qc6 21. Qxc6 1/2-1/2

[Event "Belt and Road Hunan Op A"]
[Site "Changsha CHN"]
[Date "2019.08.02"]
[Round "5.6"]
[White "Zhou, Jianchao"]
[Black "Anton Guijarro, David"]
[Result "1/2-1/2"]
[WhiteTitle "GM"]
[BlackTitle "GM"]
[WhiteElo "2608"]
[BlackElo "2678"]
[WhiteFideId "8603537"]
[BlackFideId "2285525"]
[EventDate "2019.07.29"]

1. d4 Nf6 2. c4 e6 3. Nf3 d5 4. Nc3 dxc4 5. e4 b5 6. e5 Nd5 7. Nxb5 Nb6 8. Be2
Nc6 9. O-O Be7 10. Be3 O-O 11. Nc3 Rb8 12. Rc1 Nb4 13. Nd2 Nd3 14. Rc2 Nb4 15.
Rc1 Nd3 16. Rc2 Nb4 17. Rc1 Nd3 1/2-1/2

[Event "Belt and Road Hunan Op A"]
[Site "Changsha CHN"]
[Date "2019.08.02"]
[Round "5.8"]
[White "Megaranto, Susanto"]
[Black "Naiditsch, Arkadij"]
[Result "1-0"]
[WhiteTitle "GM"]
[BlackTitle "GM"]
[WhiteElo "2545"]
[BlackElo "2681"]
[WhiteFideId "7101384"]
[BlackFideId "4650891"]
[EventDate "2019.07.29"]

1. d4 Nf6 2. Nf3 g6 3. Nc3 d5 4. Bf4 c6 5. e3 Nbd7 6. h3 Bg7 7. Be2 b5 8. Ne5
Bb7 9. O-O O-O 10. Bf3 a5 11. a4 b4 12. Ne2 c5 13. c4 Ne4 14. cxd5 Bxd5 15. Qc2
Ndf6 16. dxc5 b3 17. Qc1 Rc8 18. c6 Qb6 19. Nd4 Nc5 20. Bxd5 Nxd5 21. Qc4 Bxe5
22. Bxe5 Nb4 23. Qb5 Qa7 24. Rac1 Ncd3 25. Rc3 Nxe5 26. Qxe5 Rfd8 27. c7 Rd7 28.
Nb5 Qb6 29. Rxb3 Nd3 30. Rxd3 Rxd3 31. Qxe7 Qc6 32. Na7 Qxc7 33. Nxc8 Qxc8 34.
b4 Qc3 35. bxa5 Qxa5 36. Rb1 Kg7 37. Qe4 Qc3 38. a5 Rd6 1-0

[Event "Belt and Road Hunan Op A"]
[Site "Changsha CHN"]
[Date "2019.08.02"]
[Round "5.9"]
[White "Motylev, Alexander"]
[Black "Xu, Yinglun"]
[Result "1/2-1/2"]
[WhiteTitle "GM"]
[BlackTitle "GM"]
[WhiteElo "2654"]
[BlackElo "2562"]
[WhiteFideId "4121830"]
[BlackFideId "8604940"]
[EventDate "2019.07.29"]

1. e4 c5 2. Nf3 d6 3. d4 cxd4 4. Nxd4 Nf6 5. Nc3 a6 6. g3 e6 7. Bg2 Be7 8. Be3
Qc7 9. g4 Nfd7 10. g5 b5 11. Nf5 exf5 12. Nd5 Qd8 13. Nxe7 Qxe7 14. exf5 Ra7 15.
O-O Rc7 16. Re1 O-O 17. Bb6 Qd8 18. Ba5 Nc6 19. Bxc7 Qxc7 20. Qd2 Nde5 21. Rad1 1/2-1/2

[Event "Belt and Road Hunan Op A"]
[Site "Changsha CHN"]
[Date "2019.08.02"]
[Round "5.10"]
[White "Zeng, Chongsheng"]
[Black "Lupulescu, Constantin"]
[Result "1/2-1/2"]
[WhiteTitle "GM"]
[BlackTitle "GM"]
[WhiteElo "2551"]
[BlackElo "2649"]
[WhiteFideId "8603847"]
[BlackFideId "1207822"]
[EventDate "2019.07.29"]

1. e4 c5 2. Nf3 Nc6 3. d4 cxd4 4. Nxd4 Nf6 5. Nc3 d6 6. Bg5 e6 7. Qd2 a6 8.
O-O-O Bd7 9. f3 Nxd4 10. Qxd4 h6 11. Bh4 Be7 12. f4 Bc6 13. f5 e5 14. Qd3 Ng4
15. Bxe7 Qxe7 16. Qf3 Nf6 17. Bc4 Rc8 18. Bd5 O-O 19. g4 Bxd5 20. Nxd5 Nxd5 21.
Rxd5 Rc4 22. Rhd1 Rfc8 23. c3 R8c6 24. Kb1 b5 25. a3 Rb6 26. Qe3 Rcc6 27. Rf1
Qh4 28. f6 Qg5 29. Qg3 Qg6 30. Rf5 Rc4 31. Qf3 a5 32. h4 gxf6 33. h5 Qg7 34. Ka2
Rc5 35. Rd3 b4 36. cxb4 axb4 37. Rxf6 bxa3 38. Rxa3 Rc8 39. Rb3 Ra8+ 40. Ra3
Rxa3+ 41. bxa3 Qg5 42. Qf2 Rb8 43. Rxf7 Qc1 44. Rg7+ Kxg7 45. Qa7+ Kf6 46. Qxb8
Qc2+ 47. Ka1 Qc1+ 48. Ka2 1/2-1/2

[Event "Belt and Road Hunan Op A"]
[Site "Changsha CHN"]
[Date "2019.08.02"]
[Round "5.11"]
[White "Yu, Ruiyuan"]
[Black "Parligras, Mircea-Emilian"]
[Result "1/2-1/2"]
[WhiteTitle "GM"]
[BlackTitle "GM"]
[WhiteElo "2464"]
[BlackElo "2638"]
[WhiteFideId "8603090"]
[BlackFideId "1204297"]
[EventDate "2019.07.29"]

1. e4 e5 2. Nf3 Nc6 3. Bc4 Bc5 4. c3 Nf6 5. d4 exd4 6. e5 d5 7. Bb5 Ne4 8. cxd4
Bb6 9. Nc3 O-O 10. Be3 Bg4 11. h3 Bh5 12. Qc2 Bg6 13. Qb3 Ne7 14. O-O c6 15. Bd3
Nd2 16. Nxd2 Bxd3 17. Rfe1 Bg6 18. Na4 Nf5 19. Nxb6 Qxb6 20. Qc3 f6 21. Nf3 Rae8
22. Bf4 fxe5 23. Bxe5 Qd8 1/2-1/2

[Event "Belt and Road Hunan Op A"]
[Site "Changsha CHN"]
[Date "2019.08.02"]
[Round "5.12"]
[White "Li, Di"]
[Black "Narayanan, S.L."]
[Result "1/2-1/2"]
[WhiteTitle "GM"]
[BlackTitle "GM"]
[WhiteElo "2523"]
[BlackElo "2616"]
[WhiteFideId "8607508"]
[BlackFideId "5058422"]
[EventDate "2019.07.29"]

1. d4 Nf6 2. Nf3 d5 3. c4 e6 4. Nc3 dxc4 5. e4 b5 6. e5 Nd5 7. Nxb5 Nb6 8. Be2
Nc6 9. O-O Be7 10. Qd2 Bb7 11. Rd1 Qd7 12. Qf4 Nb4 13. Nc3 f5 14. exf6 gxf6 15.
d5 e5 16. Qh4 O-O-O 17. Bxc4 Nxc4 18. Qxc4 Nxd5 19. Nxd5 Bxd5 20. Qa6+ Bb7 21.
Rxd7 Bxa6 22. Rxd8+ Rxd8 23. Be3 Kb7 24. h3 Rd5 25. g4 Bd3 26. Nh4 c5 27. Rc1 c4
28. Nf5 Bf8 29. b3 cxb3 30. axb3 a5 31. Ng3 Bg6 32. h4 Ba3 33. Ra1 Bb4 34. Rc1
Ba3 35. Ra1 Bb2 36. Ra4 Bc3 37. h5 Bd3 38. h6 Bb4 39. Ra2 Bg6 40. Kg2 Rd3 41.
Rb2 Bf7 42. Nh5 f5 43. Nf6 f4 44. Bc1 Bg6 45. Ra2 Rd1 46. Ba3 Bc3 47. Bb2 Bxb2
48. Rxb2 Rd3 49. f3 Kc6 50. Rc2+ Kd6 51. Ra2 Ke6 52. g5 Kf5 53. Rxa5 Rxb3 54.
Ng4 Rb2+ 55. Kg1 Kxg5 56. Nxe5 Kxh6 57. Ng4+ Kg7 58. Ra7+ Kf8 1/2-1/2

[Event "Belt and Road Hunan Op A"]
[Site "Changsha CHN"]
[Date "2019.08.02"]
[Round "5.13"]
[White "Lu, Shanglei"]
[Black "Batchuluun, Tsegmed"]
[Result "1/2-1/2"]
[WhiteTitle "GM"]
[BlackTitle "GM"]
[WhiteElo "2619"]
[BlackElo "2535"]
[WhiteFideId "8603332"]
[BlackFideId "4900847"]
[EventDate "2019.07.29"]

1. e4 e5 2. Bc4 Nf6 3. d3 c6 4. Nf3 d5 5. Bb3 Bb4+ 6. Bd2 Bxd2+ 7. Nbxd2 Nbd7 8.
O-O O-O 9. d4 Nxe4 10. Nxe4 dxe4 11. Nxe5 Nxe5 12. dxe5 Qxd1 13. Raxd1 Re8 14.
f4 Bf5 15. Kf2 Kf8 16. Ke3 Rad8 17. Rd6 Rxd6 18. exd6 Rd8 19. Rd1 Ke8 20. c4 b6
21. Ba4 1/2-1/2